000 00536nam a2200157 a 4500
001 000045694
005 20201002052407.0
008 150428s2007 dr a 000 0 spa d
040 _aDO-SdBNP
_bspa
_cBNPHU
082 _axxxx
_bxxxx
100 1 _aRosario López, Ramón Ant.
_d1945-
_973752
245 1 4 _aLos sucesos se repiten :
_brelatos /
_cRamón Ant. Rosario López ; prólogo Hugo M. Estrella Guzmán.
260 _a[s. l.
_as. n.,
_cs. f.].
300 _a157 p. :
_bil. ;
_c19 cm.
700 1 2 _aEstrella Guzmán, Hugo M.,
_epról.
_958451
999 _c45183
_d45183